[Event "DVM U10 2014"]
[Site "Magdeburg GER"]
[Date "2014.12.28"]
[Round "5"]
[White "Lorenz, Keana"]
[Black "Raichle, Simon"]
[Result "1-0"]
[Termination "normal"]
[Board "12.3"]
[WhiteElo "1089"]
[BlackElo "1028"]
[WhiteTeam "MTV 1876 Saalfeld"]
[BlackTeam "SpVgg Rommelshausen"]
[PlyCount "39"]
[WhiteFideId "12990248"]
[EventCountry "GER"]
[EventRounds "7"]
[EventType "team-swiss"]
[EventDate "2014.12.27"]

1. e4 e5 2. Nf3 Nc6 3. Bc4 Bc5 4. c3 d6 5. d4 exd4 6. cxd4 Bb4+ 7. Bd2 Bg4 8.
O-O Nf6 9. Bxb4 Nxb4 10. Nc3 O-O 11. a3 Nc6 12. h3 Bh5 13. d5 Na5 14. b4 Nxc4
15. Qd4 Nb6 16. a4 Bxf3 17. gxf3 Nh5 18. Kh1 Nf4 19. Rg1 Nxh3 20. Qxg7# 1-0

[Event "DVM U10 2014"]
[Site "Magdeburg GER"]
[Date "2014.12.28"]
[Round "5"]
[White "Kohleisen, Konstantin"]
[Black "Lorenz, Anouk"]
[Result "0-1"]
[Termination "normal"]
[Board "12.4"]
[WhiteElo "918"]
[BlackElo "865"]
[WhiteTeam "SpVgg Rommelshausen"]
[BlackTeam "MTV 1876 Saalfeld"]
[PlyCount "58"]
[BlackFideId "12990256"]
[EventCountry "GER"]
[EventRounds "7"]
[EventType "team-swiss"]
[EventDate "2014.12.27"]

1. e4 e5 2. Nf3 Nc6 3. Bc4 Bc5 4. O-O Nf6 5. d3 d6 6. Bg5 h6 7. Bh4 g5 8. Bg3
Be6 9. Bxe6 fxe6 10. c3 Qd7 11. d4 exd4 12. cxd4 Bb6 13. Nc3 O-O-O 14. Qa4 Rdg8
15. d5 exd5 16. exd5 Ne5 17. Bxe5 Qxa4 18. Nxa4 dxe5 19. Nxb6+ axb6 20. Nxe5
Nxd5 21. Rad1 c6 22. Rc1 Kc7 23. Rfd1 Nf4 24. Kf1 g4 25. Rd7+ Kb8 26. Nf7 Rh7
27. Rd8+ Rxd8 28. Nxd8 Rd7 29. Rc4 Rd1# 0-1

[Event "DVM U10 2014"]
[Site "Magdeburg GER"]
[Date "2014.12.28"]
[Round "5"]
[White "Buschmann, Tim"]
[Black "Dalchow, Mario"]
[Result "1-0"]
[Termination "normal"]
[Board "13.2"]
[WhiteElo "1115"]
[BlackElo "1193"]
[WhiteTeam "Sfr. Nord-Ost Berlin"]
[BlackTeam "SC 1997 Lambsheim"]
[PlyCount "69"]
[WhiteFideId "16257669"]
[BlackFideId "12971421"]
[EventCountry "GER"]
[EventRounds "7"]
[EventType "team-swiss"]
[EventDate "2014.12.27"]

1. e4 c6 2. Nf3 d5 3. Nc3 Nf6 4. e5 Nfd7 5. d4 e6 6. Be3 c5 7. Bb5 cxd4 8. Bxd4
Bb4 9. a3 Bxc3+ 10. Bxc3 O-O 11. O-O Nc6 12. Re1 a6 13. Bd3 Qe7 14. b3 f6 15.
exf6 Nxf6 16. Ne5 Bd7 17. Nxc6 Bxc6 18. Bb4 Qd7 19. Bxf8 Rxf8 20. c4 Qf7 21. b4
Nd7 22. f3 b6 23. cxd5 exd5 24. Bxa6 b5 25. Qc2 Nb8 26. Qc5 Qf6 27. Bxb5 Bxb5
28. Qxd5+ Kh8 29. Qxb5 h6 30. Rad1 Kh7 31. Qd3+ Kh8 32. Qd6 Qf7 33. Re7 Qf5 34.
Qe5 Qc2 35. Qxg7# 1-0

[Event "DVM U10 2014"]
[Site "Magdeburg GER"]
[Date "2014.12.28"]
[Round "5"]
[White "Reichardt, Henrik"]
[Black "Beck, Felix"]
[Result "1-0"]
[Termination "normal"]
[Board "13.3"]
[WhiteElo "1065"]
[BlackElo "995"]
[WhiteTeam "SC 1997 Lambsheim"]
[BlackTeam "Sfr. Nord-Ost Berlin"]
[PlyCount "96"]
[BlackFideId "16255364"]
[EventCountry "GER"]
[EventRounds "7"]
[EventType "team-swiss"]
[EventDate "2014.12.27"]

1. e4 e5 2. Nf3 Nc6 3. Bc4 Be7 4. Nc3 Nf6 5. O-O d6 6. h3 Be6 7. Bxe6 fxe6 8.
d3 O-O 9. Be3 Qd7 10. d4 exd4 11. Bxd4 e5 12. Be3 Rad8 13. Nd5 Nxe4 14. Qd3 Nf6
15. Qc4 Kh8 16. Nxf6 Bxf6 17. Bg5 Rde8 18. Bxf6 Rxf6 19. Rfe1 Rg6 20. Kh2 d5
21. Qb3 b6 22. Rad1 Rd6 23. Rd2 g6 24. g3 Kg7 25. Kg2 Kf6 26. Qe3 Qe6 27. Qg5+
Kf7 28. Rde2 Qf5 29. Qxf5+ gxf5 30. Nxe5+ Nxe5 31. Rxe5 Rxe5 32. Rxe5 Kf6 33.
Re1 c5 34. b3 a5 35. a3 b5 36. c3 c4 37. bxc4 dxc4 38. Rb1 Rb6 39. Kf3 Ke5 40.
g4 fxg4+ 41. hxg4 Kd5 42. Kf4 Ke6 43. f3 Kf6 44. g5+ Kg6 45. Kg4 Kf7 46. f4 Kg6
47. f5+ Kg7 48. Kh5 Kf7 1-0

[Event "DVM U10 2014"]
[Site "Magdeburg GER"]
[Date "2014.12.28"]
[Round "5"]
[White "Colbow, Collin"]
[Black "Sawadski, Nikolas"]
[Result "1/2-1/2"]
[Termination "normal"]
[Board "14.1"]
[WhiteElo "1305"]
[BlackElo "1175"]
[WhiteTeam "SK Bremen-Nord"]
[BlackTeam "Heilbronner SV"]
[PlyCount "91"]
[WhiteFideId "16201132"]
[BlackFideId "16261585"]
[EventCountry "GER"]
[EventRounds "7"]
[EventType "team-swiss"]
[EventDate "2014.12.27"]

1. e4 e5 2. Nf3 Nc6 3. Bc4 Bc5 4. c3 Nf6 5. d3 d6 6. Bb3 O-O 7. O-O Be6 8. Bc2
Bb6 9. Re1 Qe7 10. h3 Rfd8 11. Nbd2 d5 12. exd5 Bxd5 13. Nf1 Bc4 14. Qe2 Bd5
15. Nxe5 Nxe5 16. Qxe5 Qxe5 17. Rxe5 Re8 18. Rxe8+ Rxe8 19. Ne3 c6 20. Bd2 h6
21. Re1 Bxa2 22. c4 Bxe3 23. fxe3 b5 24. Ra1 bxc4 25. Rxa2 cxd3 26. Bb1 Ne4 27.
b4 Rc8 28. Bxd3 Nxd2 29. Rxd2 Kf8 30. Kf2 Ke7 31. Kf3 c5 32. Rc2 Rd8 33. Ke2
cxb4 34. Rc7+ Rd7 35. Rxd7+ Kxd7 36. Kd2 Kc6 37. Kc2 Kc5 38. Kb3 a5 39. Ka4 Kb6
40. g4 f6 41. h4 g5 42. hxg5 hxg5 43. e4 Kc5 44. Kxa5 b3 45. Ka4 Kd4 46. Bb1
1/2-1/2

[Event "DVM U10 2014"]
[Site "Magdeburg GER"]
[Date "2014.12.28"]
[Round "5"]
[White "Sawadski, Leonard"]
[Black "Rockmann, Enno"]
[Result "0-1"]
[Termination "normal"]
[Board "14.2"]
[WhiteElo "922"]
[BlackElo "1031"]
[WhiteTeam "Heilbronner SV"]
[BlackTeam "SK Bremen-Nord"]
[PlyCount "58"]
[WhiteFideId "16261607"]
[BlackFideId "12982920"]
[EventCountry "GER"]
[EventRounds "7"]
[EventType "team-swiss"]
[EventDate "2014.12.27"]

1. e4 e5 2. f4 Nc6 3. Nf3 exf4 4. Bc4 Bc5 5. d3 g5 6. a3 d6 7. b4 Bd4 8. Nxd4
Nxd4 9. Bb2 c5 10. Qh5 Qe7 11. O-O Nf6 12. Qxg5 Rg8 13. Qh4 Ne2+ 14. Kh1 Rg6
15. Nc3 Nxc3 16. Bxc3 Be6 17. Rxf4 Ng4 18. Qxh7 Rh6 19. Qg8+ Qf8 20. Bb5+ Ke7
21. Qxf8+ Rxf8 22. h3 Rg8 23. Bc4 Bxc4 24. dxc4 Ne3 25. Rg1 Nxc2 26. bxc5 dxc5
27. Rgf1 Rh7 28. Rf6 Ne3 29. R1f3 Nxg2 {Rest nicht nachvollziehbar} 0-1

[Event "DVM U10 2014"]
[Site "Magdeburg GER"]
[Date "2014.12.28"]
[Round "5"]
[White "Bassow, Konstantin"]
[Black "Hagenmeyer, Felix"]
[Result "1-0"]
[Termination "normal"]
[Board "14.3"]
[WhiteElo "1001"]
[BlackElo "928"]
[WhiteTeam "SK Bremen-Nord"]
[BlackTeam "Heilbronner SV"]
[PlyCount "89"]
[WhiteFideId "12982415"]
[BlackFideId "34612572"]
[EventCountry "GER"]
[EventRounds "7"]
[EventType "team-swiss"]
[EventDate "2014.12.27"]

1. e4 e5 2. Nf3 Nc6 3. Bc4 Bc5 4. d3 Nf6 5. Bg5 b6 6. Nc3 Nd4 7. O-O h6 8. Bh4
O-O 9. Nd5 Be7 10. Nxe5 Nxd5 11. c3 Bxh4 12. cxd4 Qf6 13. Bxd5 c6 14. Bb3 Qd6
15. Rc1 Qxd4 16. Nf3 Qf6 17. e5 Qf4 18. g3 Qg4 19. Nxh4 Qxd1 20. Rcxd1 Bb7 21.
Nf5 Rae8 22. d4 c5 23. Nd6 Rb8 24. Nxb7 Rxb7 25. d5 Re8 26. Rfe1 f5 27. exf6
Rxe1+ 28. Rxe1 gxf6 29. Kg2 Rb8 30. Re7 Rb7 31. d6+ Kf8 32. Rh7 b5 33. Bd5 Rb6
34. Rxd7 a6 35. Rf7+ Ke8 36. d7+ Kd8 37. g4 Rd6 38. Bb7 Rb6 39. Bc8 c4 40. Rf8+
Kc7 41. d8=Q+ Kc6 42. Rxf6+ Kc5 43. Qxb6+ Kd5 44. Bb7+ Ke5 45. Qd6# 1-0

[Event "DVM U10 2014"]
[Site "Magdeburg GER"]
[Date "2014.12.28"]
[Round "5"]
[White "Hagenmeyer, Jannis"]
[Black "Adams, Curtis"]
[Result "0-1"]
[Termination "normal"]
[Board "14.4"]
[WhiteElo "780"]
[BlackElo "874"]
[WhiteTeam "Heilbronner SV"]
[BlackTeam "SK Bremen-Nord"]
[PlyCount "78"]
[WhiteFideId "34612580"]
[EventCountry "GER"]
[EventRounds "7"]
[EventType "team-swiss"]
[EventDate "2014.12.27"]

1. e4 e5 2. Nf3 Nc6 3. Bc4 d6 4. d3 Qe7 5. Bb5 Bd7 6. Nc3 a6 7. Bxc6 Bxc6 8.
O-O Qf6 9. Bg5 Qg6 10. Nd5 Rc8 11. Nf4 exf4 12. Bxf4 Bd7 13. Bg5 h6 14. Bh4 Bh3
15. g3 Bxf1 16. Kxf1 Nf6 17. Bxf6 Qxf6 18. d4 Qg6 19. e5 dxe5 20. dxe5 Rd8 21.
Qe2 Qh5 22. Qe4 c6 23. Nd4 Qxh2 24. e6 Qh3+ 25. Qg2 Qxg2+ 26. Kxg2 Rxd4 27. Re1
Be7 28. exf7+ Kxf7 29. c3 Rd2 30. Re3 Rhd8 31. Rf3+ Bf6 32. Rf5 Rxb2 33. Rb5
Rxb5 34. c4 Rb2 35. a4 Rdd2 36. c5 Rxf2+ 37. Kh3 Rh2+ 38. Kg4 Rb4+ 39. Kf5 Rh5#
0-1

[Event "DVM U10 2014"]
[Site "Magdeburg GER"]
[Date "2014.12.28"]
[Round "5"]
[White "Böttner, Oliver"]
[Black "Liebeskind, Pascal"]
[Result "0-1"]
[Termination "normal"]
[Board "15.1"]
[WhiteElo "1110"]
[BlackElo "1095"]
[WhiteTeam "FHSG Stralsund"]
[BlackTeam "TSG Apolda"]
[PlyCount "40"]
[WhiteFideId "16208870"]
[BlackFideId "16212380"]
[EventCountry "GER"]
[EventRounds "7"]
[EventType "team-swiss"]
[EventDate "2014.12.27"]

1. e4 e5 2. Nf3 Nc6 3. Bc4 Bc5 4. O-O Nf6 5. d3 h6 6. Re1 O-O 7. Be3 Bb6 8.
Nbd2 Re8 9. c3 d5 10. exd5 Nxd5 11. Bxd5 Qxd5 12. Qc2 Bf5 13. Bxb6 axb6 14. Re3
Rxa2 15. Rae1 Raa8 16. Nc4 Qxc4 17. dxc4 Bxc2 18. Nxe5 Nxe5 19. Rxe5 Rxe5 20.
Rxe5 Ra1+ 0-1

[Event "DVM U10 2014"]
[Site "Magdeburg GER"]
[Date "2014.12.28"]
[Round "5"]
[White "Henzgen, Nick"]
[Black "Jenschke, Tim"]
[Result "1-0"]
[Termination "normal"]
[Board "15.2"]
[WhiteElo "1161"]
[BlackElo "1090"]
[WhiteTeam "TSG Apolda"]
[BlackTeam "FHSG Stralsund"]
[PlyCount "73"]
[WhiteFideId "16212347"]
[EventCountry "GER"]
[EventRounds "7"]
[EventType "team-swiss"]
[EventDate "2014.12.27"]

1. e4 e5 2. Nf3 Nc6 3. Bc4 d6 4. d3 Be7 5. Be3 Nf6 6. Nbd2 O-O 7. O-O Bg4 8.
Qc1 Bxf3 9. Nxf3 d5 10. exd5 Nxd5 11. Qd2 Nxe3 12. fxe3 Qd6 13. e4 Qg6 14. Qe2
Qh6 15. c3 Rad8 16. Rad1 Bc5+ 17. Kh1 Be3 18. Rfe1 Bf4 19. Rf1 Qh5 20. Rde1 Rd6
21. g3 Bg5 22. Qf2 Rf6 23. Qg2 Rd8 24. Bd5 Ne7 25. Nxe5 Rxf1+ 26. Rxf1 Bf6 27.
Bxf7+ Qxf7 28. Nxf7 Kxf7 29. e5 Rxd3 30. exf6 gxf6 31. Qxb7 Nd5 32. Qb5 Rd2 33.
Qd7+ Kg6 34. Qf5+ Kg7 35. c4 Ne3 36. Qxf6+ Kg8 37. Qf8# 1-0

[Event "DVM U10 2014"]
[Site "Magdeburg GER"]
[Date "2014.12.28"]
[Round "5"]
[White "Troyke, Jannis"]
[Black "Burkhardt, Jonas"]
[Result "1-0"]
[Termination "normal"]
[Board "15.3"]
[WhiteElo "1089"]
[BlackElo "600"]
[WhiteTeam "FHSG Stralsund"]
[BlackTeam "TSG Apolda"]
[PlyCount "77"]
[WhiteFideId "12993115"]
[EventCountry "GER"]
[EventRounds "7"]
[EventType "team-swiss"]
[EventDate "2014.12.27"]

1. d4 d5 2. c4 dxc4 3. Nf3 Nf6 4. Nc3 e6 5. e3 b5 6. Nxb5 Be7 7. Bxc4 O-O 8.
O-O Bd7 9. Nc3 c6 10. Bd2 Bd6 11. e4 c5 12. e5 Bc7 13. exf6 Qxf6 14. Bg5 Qg6
15. dxc5 Bc6 16. Be3 Qh5 17. h3 Bxf3 18. Qxf3 Qe5 19. Bf4 Qxc5 20. Bxc7 Qxc7
21. Qxa8 Qxc4 22. Qxa7 Nc6 23. Qc7 Qa6 24. Qf4 h6 25. Qa4 Qc8 26. Rac1 e5 27.
Nd5 Rd8 28. Ne7+ Nxe7 29. Rxc8 Nxc8 30. Rd1 Rxd1+ 31. Qxd1 f6 32. Qd8+ Kf7 33.
Qxc8 g6 34. Qd7+ Kf8 35. b4 e4 36. b5 f5 37. b6 f4 38. b7 e3 39. b8=Q# 1-0

[Event "DVM U10 2014"]
[Site "Magdeburg GER"]
[Date "2014.12.28"]
[Round "5"]
[White "Wettig, Lukas"]
[Black "Lange, Anton"]
[Result "0-1"]
[Termination "normal"]
[Board "15.4"]
[WhiteElo "600"]
[BlackElo "866"]
[WhiteTeam "TSG Apolda"]
[BlackTeam "FHSG Stralsund"]
[PlyCount "72"]
[BlackFideId "34603816"]
[EventCountry "GER"]
[EventRounds "7"]
[EventType "team-swiss"]
[EventDate "2014.12.27"]

1. e4 c5 2. Nf3 Nc6 3. Bc4 e5 4. Nc3 Be7 5. d3 d6 6. O-O Nf6 7. Be3 O-O 8. d4
exd4 9. Nxd4 cxd4 10. Bxd4 Bd7 11. Nd5 Nxd5 12. exd5 Nxd4 13. Qxd4 Bf6 14. Qf4
Bxb2 15. Rab1 Be5 16. Qe4 b6 17. Bd3 g6 18. f4 Bf5 19. Qe3 Bxd3 20. cxd3 Bf6
21. Qe4 Re8 22. Qf3 Rc8 23. f5 g5 24. Rb4 h6 25. Ra4 a5 26. Rc4 Rxc4 27. dxc4
Re7 28. Qh3 Kg7 29. Qh5 Qe8 30. h3 Bd4+ 31. Kh1 Re1 32. Rxe1 Qxe1+ 33. Kh2 Be5+
34. g3 Bxg3+ 35. Kg2 Qf2+ 36. Kh1 Qh2# 0-1

[Event "DVM U10 2014"]
[Site "Magdeburg GER"]
[Date "2014.12.28"]
[Round "5"]
[White "Deutsch, Christoph"]
[Black "Kipke, Mark"]
[Result "0-1"]
[Termination "normal"]
[Board "16.1"]
[WhiteElo "1215"]
[BlackElo "1037"]
[WhiteTeam "SK Gründau"]
[BlackTeam "Königsspringer SC 1984"]
[PlyCount "71"]
[WhiteFideId "16206878"]
[BlackFideId "16217616"]
[EventCountry "GER"]
[EventRounds "7"]
[EventType "team-swiss"]
[EventDate "2014.12.27"]

1. e4 c5 2. Nc3 Nc6 3. Nf3 g6 4. Bc4 Bg7 5. O-O Nf6 6. d3 O-O 7. Be3 d6 8. h3
Bd7 9. Qd2 Qc7 10. a3 a6 11. Ba2 b5 12. Rfe1 Qb6 13. Bd5 e6 14. Ba2 Nd4 15. Qd1
e5 16. Bxd4 cxd4 17. Nd5 Nxd5 18. Bxd5 Rac8 19. Qd2 Bc6 20. Bb3 Rfd8 21. Qe2 a5
22. Ng5 Rc7 23. Qf3 Qb7 24. Qe2 h6 25. Nf3 a4 26. Ba2 Re7 27. Kf1 Rdd7 28. Kg1
Kh7 29. Qd2 d5 30. exd5 Bxd5 31. Bxd5 Qxd5 32. Rab1 Rd8 33. Re2 Qa2 34. Qb4
Qxb1+ 35. Kh2 Rde8 36. Qxb5 {nicht mehr nachvollziehbar} 0-1

[Event "DVM U10 2014"]
[Site "Magdeburg GER"]
[Date "2014.12.28"]
[Round "5"]
[White "Köppen, Cedric Louis"]
[Black "Bayer, Melissa"]
[Result "0-1"]
[Termination "normal"]
[Board "16.2"]
[WhiteElo "930"]
[BlackElo "1040"]
[WhiteTeam "Königsspringer SC 1984"]
[BlackTeam "SK Gründau"]
[PlyCount "124"]
[BlackFideId "16206916"]
[EventCountry "GER"]
[EventRounds "7"]
[EventType "team-swiss"]
[EventDate "2014.12.27"]

1. e4 e5 2. Nf3 Nc6 3. Bc4 Bc5 4. d3 Nf6 5. Nc3 h6 6. Be3 Bb6 7. Qd2 d6 8.
O-O-O Ba5 9. h4 a6 10. Rdg1 Bxc3 11. Qxc3 O-O 12. g4 Bxg4 13. Rg3 Qd7 14. Rhg1
b5 15. Bd5 b4 16. Qxc6 Qxc6 17. Bxc6 Rab8 18. Rxg4 Nxg4 19. Rxg4 a5 20. Bxh6
Kh7 21. Bxg7 Rg8 22. Ng5+ Kxg7 23. Ne6+ Kh8 24. Rxg8+ Rxg8 25. Nxc7 Rc8 26. Nb5
Rxc6 27. Kd2 Kg7 28. c3 Rb6 29. c4 Kg6 30. Ke3 Kh5 31. d4 f6 32. a4 Kxh4 33. c5
dxc5 34. dxc5 Rc6 35. f4 Rxc5 36. fxe5 fxe5 37. Kd3 Kg4 38. Nd6 Rc7 39. Nc4
Rd7+ 40. Ke3 Rc7 41. Nxe5+ Kg5 42. Kd4 Rc2 43. Nd3 Kf6 44. b3 Rc3 45. Nc5 Ke7
46. e5 Rg3 47. Kd5 Rg5 48. Ne4 Rf5 49. Ng3 Rg5 50. Ne4 Rg6 51. Nc5 Rg3 52. Kd4
Rg4+ 53. Kd5 Rg5 54. Nb7 Kd7 55. Nxa5 Rf5 56. Nc6 Rf3 57. Nxb4 Rxb3 58. Nc6
Rd3+ 59. Ke4 Rc3 60. Nb8+ Ke6 61. Kd4 Ra3 62. Na6 Rxa4+ 0-1

[Event "DVM U10 2014"]
[Site "Magdeburg GER"]
[Date "2014.12.28"]
[Round "5"]
[White "Deutsch, Volker"]
[Black "David, Philip"]
[Result "1/2-1/2"]
[Termination "normal"]
[Board "16.3"]
[WhiteElo "1059"]
[BlackElo "906"]
[WhiteTeam "SK Gründau"]
[BlackTeam "Königsspringer SC 1984"]
[PlyCount "71"]
[WhiteFideId "16206886"]
[EventCountry "GER"]
[EventRounds "7"]
[EventType "team-swiss"]
[EventDate "2014.12.27"]

1. e4 c5 2. Nf3 Nc6 3. Nc3 g6 4. Bc4 Bg7 5. d3 d6 6. h3 Nf6 7. Bg5 O-O 8. O-O
Qc7 9. Re1 h6 10. Bh4 Na5 11. Bb3 Nxb3 12. axb3 a6 13. Qd2 b5 14. Bg3 Bb7 15.
Bf4 Kh7 16. Ne2 Qd7 17. c4 Rfd8 18. Nc3 bxc4 19. bxc4 Rab8 20. Nd5 Nxd5 21.
cxd5 Bc8 22. Ra2 e6 23. d4 cxd4 24. Nxd4 e5 25. Nc6 exf4 26. Nxb8 Qb7 27. Nc6
Re8 28. Qxf4 Qd7 29. Rea1 Be5 30. Qf3 Kg7 31. Nb8 Qb5 32. Nxa6 Bxa6 33. Rxa6
Bxb2 34. Ra7 Rf8 35. Rb1 Qc5 36. Re7 1/2-1/2

[Event "DVM U10 2014"]
[Site "Magdeburg GER"]
[Date "2014.12.28"]
[Round "5"]
[White "Kühn, Jan-Gerrit"]
[Black "Solovej, Philip"]
[Result "0-1"]
[Termination "normal"]
[Board "16.4"]
[WhiteElo "854"]
[BlackElo "797"]
[WhiteTeam "Königsspringer SC 1984"]
[BlackTeam "SK Gründau"]
[PlyCount "114"]
[BlackFideId "16232186"]
[EventCountry "GER"]
[EventRounds "7"]
[EventType "team-swiss"]
[EventDate "2014.12.27"]

1. e4 e5 2. Nf3 Nc6 3. Bc4 h6 4. Nc3 Nf6 5. d3 Bb4 6. Be3 Bxc3+ 7. bxc3 d6 8.
O-O Na5 9. Bb3 O-O 10. a3 Ng4 11. Bd2 Nxb3 12. cxb3 Be6 13. d4 Qf6 14. d5 Bd7
15. h3 Bb5 16. Re1 Bd7 17. c4 h5 18. Bg5 Qg6 19. Qd2 f6 20. Be3 Nxe3 21. Qxe3
Bxh3 22. g3 Kf7 23. Nh4 Qg5 24. Qf3 Bg4 25. Qg2 b6 26. Re3 a5 27. Nf3 Bxf3 28.
Rxf3 a4 29. b4 Rh8 30. Rf5 Qg6 31. Kf1 h4 32. Rd1 h3 33. Qh2 Qg4 34. f3 Qg6 35.
Kg1 Qh6 36. g4 Qe3+ 37. Kh1 Qxa3 38. Qd2 g6 39. Qd3 Qxd3 40. Rxd3 gxf5 41. gxf5
a3 42. Rd1 a2 43. Ra1 Ra3 44. Kh2 Rxf3 45. Rxa2 Re3 46. Rg2 Rxe4 47. b5 Rf4 48.
Kg3 Rxf5 49. Rh2 e4 50. Kg4 Re5 51. Rxh3 Rxh3 52. Kxh3 e3 53. Kg4 e2 54. Kf4
e1=Q 55. Kf3 Qf1+ 56. Kg4 Rg5+ 57. Kh4 Qh1# 0-1

[Event "DVM U10 2014"]
[Site "Magdeburg GER"]
[Date "2014.12.28"]
[Round "5"]
[White "ter Stal, Lars"]
[Black "Rößler, Philipp"]
[Result "1-0"]
[Termination "normal"]
[Board "17.1"]
[WhiteElo "1186"]
[BlackElo "915"]
[WhiteTeam "SK Nordhorn-Blanke"]
[BlackTeam "SC 1994 Oberland"]
[PlyCount "47"]
[WhiteFideId "12965200"]
[BlackFideId "16209885"]
[EventCountry "GER"]
[EventRounds "7"]
[EventType "team-swiss"]
[EventDate "2014.12.27"]

1. e4 e5 2. Nc3 Nf6 3. f4 exf4 4. e5 Ng8 5. Nf3 d6 6. d4 Nc6 7. Bxf4 dxe5 8.
Bxe5 Bd6 9. Bxg7 Qe7+ 10. Qe2 Bg4 11. Qxe7+ Bxe7 12. Bxh8 Bf6 13. Bxf6 Nxf6 14.
Bb5 Bd7 15. O-O-O O-O-O 16. d5 Nb4 17. Bxd7+ Rxd7 18. Rhe1 Ng4 19. Ne5 Nxe5 20.
Rxe5 Kd8 21. Rde1 c6 22. d6 Rxd6 23. Re8+ Kd7 24. R1e7# 1-0

[Event "DVM U10 2014"]
[Site "Magdeburg GER"]
[Date "2014.12.28"]
[Round "5"]
[White "Seibt, Bruno"]
[Black "Rudi, Jonathan"]
[Result "0-1"]
[Termination "normal"]
[Board "17.2"]
[WhiteElo "862"]
[BlackElo "1107"]
[WhiteTeam "SC 1994 Oberland"]
[BlackTeam "SK Nordhorn-Blanke"]
[PlyCount "86"]
[WhiteFideId "16219988"]
[BlackFideId "16241827"]
[EventCountry "GER"]
[EventRounds "7"]
[EventType "team-swiss"]
[EventDate "2014.12.27"]

1. e4 e5 2. Nf3 Nc6 3. Bc4 Bc5 4. c3 d6 5. d4 Bb6 6. Be3 Bg4 7. Nbd2 Nf6 8. Qb3
Qe7 9. O-O h6 10. d5 Bxe3 11. fxe3 Na5 12. Qa4+ c6 13. Qxa5 O-O 14. Nh4 cxd5
15. exd5 a6 16. e4 Nd7 17. Qc7 Qxh4 18. Qxd6 Qg5 19. g3 Qxd2 20. Rab1 Qe3+ 21.
Kh1 Bf3+ 22. Rxf3 Qxf3+ 23. Kg1 Qe3+ 24. Kh1 Qxe4+ 25. Kg1 Qxc4 26. Qxd7 Qb5
27. Qxb5 axb5 28. b3 Rxa2 29. c4 bxc4 30. bxc4 Ra7 31. c5 Rd8 32. d6 Kf8 33.
Re1 f6 34. h4 Ra5 35. Rc1 Kf7 36. Kf2 Ke6 37. Rb1 Rxc5 38. Rxb7 g6 39. Rh7 g5
40. Rxh6 gxh4 41. Rxh4 Rxd6 42. g4 Rc4 43. Kf3 Rd3+ 0-1

[Event "DVM U10 2014"]
[Site "Magdeburg GER"]
[Date "2014.12.28"]
[Round "5"]
[White "Meijerink, Inken"]
[Black "Augustin, Elias"]
[Result "1-0"]
[Termination "normal"]
[Board "17.3"]
[WhiteElo "924"]
[BlackElo "879"]
[WhiteTeam "SK Nordhorn-Blanke"]
[BlackTeam "SC 1994 Oberland"]
[PlyCount "77"]
[WhiteFideId "16225465"]
[BlackFideId "16236963"]
[EventCountry "GER"]
[EventRounds "7"]
[EventType "team-swiss"]
[EventDate "2014.12.27"]

1. e4 e5 2. Nf3 Nc6 3. d4 d6 4. d5 Nb4 5. Bd2 Na6 6. b4 b5 7. Bxb5+ Bd7 8.
Bxd7+ Qxd7 9. Nc3 Rb8 10. b5 Nc5 11. O-O a6 12. Rb1 axb5 13. Qe2 b4 14. Nd1 Nf6
15. Bxb4 Nfxe4 16. Nc3 Nxc3 17. Bxc3 Rxb1 18. Rxb1 Be7 19. Rb8+ Bd8 20. Ng5 O-O
21. Qh5 h6 22. Nf3 Bf6 23. Rxf8+ Kxf8 24. Nd2 Qb5 25. Qg4 Bg5 26. Qd1 Bxd2 27.
Bxd2 Ne4 28. Be3 Nc3 29. Qa1 Ne2+ 30. Kh1 Nc3 31. h3 Qxd5 32. Qxc3 Qd1+ 33. Kh2
Qd5 34. Qxc7 Qe6 35. a4 d5 36. a5 e4 37. Bd2 d4 38. a6 Qxa6 39. Qd8# 1-0

[Event "DVM U10 2014"]
[Site "Magdeburg GER"]
[Date "2014.12.28"]
[Round "5"]
[White "Rönsch, Franziska"]
[Black "Wolterink, Insa"]
[Result "0-1"]
[Termination "normal"]
[Board "17.4"]
[WhiteElo "677"]
[BlackElo "865"]
[WhiteTeam "SC 1994 Oberland"]
[BlackTeam "SK Nordhorn-Blanke"]
[PlyCount "84"]
[BlackFideId "16235266"]
[EventCountry "GER"]
[EventRounds "7"]
[EventType "team-swiss"]
[EventDate "2014.12.27"]

1. e4 e5 2. Nf3 Nc6 3. Bd3 Nf6 4. O-O Bb4 5. a3 Ba5 6. Bc4 d6 7. d3 Bg4 8. h3
Bh5 9. Qe2 O-O 10. Qe3 h6 11. Nh4 Nd4 12. c3 Nc2 13. Qd2 Nxa1 14. Qe3 a6 15.
Qg3 b5 16. Nf5 Bg6 17. Nxh6+ gxh6 18. Bxh6 Re8 19. Bxf7+ Kxf7 20. d4 exd4 21.
cxd4 Nxe4 22. Qf4+ Qf6 23. Nd2 Qxf4 24. Bxf4 Nxd2 25. Bxd2 Bxd2 26. Rxa1 Re1+
27. Rxe1 Bxe1 28. Kf1 Ba5 29. Kg1 Bb6 30. d5 Be4 31. h4 Bxd5 32. b4 Bd4 33. g3
Re8 34. Kh2 Bxf2 35. a4 bxa4 36. b5 axb5 37. Kh3 a3 38. Kg4 Re4+ 39. Kh3 a2 40.
Kh2 a1=Q 41. Kh3 Be6+ 42. Kh2 Qg1# 0-1

[Event "DVM U10 2014"]
[Site "Magdeburg GER"]
[Date "2014.12.28"]
[Round "5"]
[White "Janssen, Mattis"]
[Black "Schauder, Finn-Leon"]
[Result "0-1"]
[Termination "normal"]
[Board "18.2"]
[WhiteElo "600"]
[BlackElo "1011"]
[WhiteTeam "Lübecker SV von 1873 2"]
[BlackTeam "Braunschweiger SF"]
[PlyCount "71"]
[EventCountry "GER"]
[EventRounds "7"]
[EventType "team-swiss"]
[EventDate "2014.12.27"]

1. e4 e5 2. Nf3 Nc6 3. Bc4 Bc5 4. d3 h6 5. Nc3 Nf6 6. Be3 Bb6 7. Bxb6 axb6 8.
d4 d6 9. dxe5 dxe5 10. Qxd8+ Nxd8 11. Nxe5 O-O 12. O-O-O Bg4 13. f3 Bh5 14. g4
Bg6 15. Nxg6 Re8 16. Rd7 Ne6 17. Bxe6 Rxe6 18. Rhd1 Nxd7 19. Rxd7 Rxg6 20. f4
Rxg4 21. f5 Rg1+ 22. Kd2 Rg2+ 23. Kd3 Rxh2 24. Kc4 g5 25. Nb5 c6 26. Nc7 Ra4+
27. b4 Rxa2 28. e5 Rh4+ 29. Rd4 Rxd4+ 30. Kxd4 g4 31. e6 fxe6 32. fxe6 Kf8 33.
Ke4 g3 34. Kf5 g2 35. Kf6 g1=Q 36. e7+ {Rest nicht nachvollziehbar} 0-1

[Event "DVM U10 2014"]
[Site "Magdeburg GER"]
[Date "2014.12.28"]
[Round "5"]
[White "Scheer, Simon"]
[Black "Bornholdt, Joa Max"]
[Result "0-1"]
[Termination "normal"]
[Board "18.3"]
[WhiteElo "940"]
[BlackElo "600"]
[WhiteTeam "Braunschweiger SF"]
[BlackTeam "Lübecker SV von 1873 2"]
[PlyCount "72"]
[BlackFideId "16253477"]
[EventCountry "GER"]
[EventRounds "7"]
[EventType "team-swiss"]
[EventDate "2014.12.27"]

1. d4 d5 2. Nc3 Nf6 3. Nf3 Bf5 4. e3 e6 5. a3 Bd6 6. Bb5+ Nc6 7. h3 Qe7 8. Ne5
Bxe5 9. dxe5 Ne4 10. Bxc6+ bxc6 11. Nxe4 Bxe4 12. f3 Bg6 13. g4 f5 14. h4 fxg4
15. fxg4 Be4 16. Rf1 Qxh4+ 17. Kd2 Qh2+ 18. Ke1 Qxe5 19. Qd2 Qg3+ 20. Rf2 Qxg4
21. b3 Qg3 22. Bb2 Qg1+ 23. Rf1 Qg4 24. Rf2 Qg3 25. Kd1 Qg4+ 26. Kc1 Qg1+ 27.
Qd1 Qxf2 28. Bxg7 Rg8 29. Bd4 Rg1 30. Qxg1 Qxg1+ 31. Kb2 Qg2 32. Rc1 c5 33. Bc3
d4 34. exd4 cxd4 35. Bxd4 Qd2 36. Bc3 Qd5 0-1